000 00535nam a2200169 4500
001 136810
003 ES-MaACL
005 20230906195231.0
007 t|
008 070214s1980 sp r ||||1| spa d
100 1 _aSagredo García, José.
_9101454
245 1 0 _aOcaso demográfico de Castilla-León
_b: (el éxodo burebano) /
_cJosé Sagredo García.
260 _aBurgos :
_bCaja de Ahorros Municipal,
_c1980.
300 _a174 p. :
_bil. ;
_c24 cm.
710 2 _aCaja de Burgos.
_9151308
852 _aES-MaACL
_jF-2276
_bR.100365
999 _c136810
_d136810